| Tag |
First Indicator |
Second Indicator |
Subfields |
| LEADER |
00000cam a22000008a 4500 |
| 001 |
in00001041069 |
| 005 |
20150928123752.0 |
| 008 |
910708s1991 nyu b 001 0beng |
| 010 |
|
|
|a 91026697
|
| 020 |
|
|
|a 0881847518 :
|c $23.95
|
| 020 |
|
|
|a 0881847585 (pbk.) :
|c $12.95
|
| 035 |
|
|
|a (OCoLC)24143250
|
| 035 |
|
|
|9 AFG6958AM
|
| 040 |
|
|
|a DLC
|c DLC
|d SMP
|d TXA
|d UtOrBLW
|
| 043 |
|
|
|a n-us---
|
| 049 |
|
|
|a TXAM
|
| 050 |
0 |
0 |
|a BP223.Z8
|b L5794 1991
|
| 082 |
0 |
0 |
|a 320.5/4/092
|2 20
|
| 100 |
1 |
|
|a Carson, Clayborne,
|d 1944-
|
| 245 |
1 |
0 |
|a Malcolm X :
|b the FBI file /
|c Clayboune Carson ; introduction by Spike Lee ; edited by David Gallen.
|
| 250 |
|
|
|a 1st Carroll & Graf ed.
|
| 264 |
|
1 |
|a New York :
|b Carroll & Graf Publishers,
|c 1991.
|
| 300 |
|
|
|a 514 pages ;
|c 24 cm.
|
| 336 |
|
|
|a text
|b txt
|2 rdacontent
|
| 337 |
|
|
|a unmediated
|b n
|2 rdamedia
|
| 338 |
|
|
|a volume
|b nc
|2 rdacarrier
|
| 504 |
|
|
|a Includes bibliographical references and index.
|
| 600 |
1 |
0 |
|a X, Malcolm,
|d 1925-1965.
|
| 650 |
|
0 |
|a African Americans
|v Biography.
|
| 650 |
|
0 |
|a Black Muslims
|v Biography.
|
| 610 |
1 |
0 |
|a United States.
|b Federal Bureau of Investigation
|x History.
|
| 700 |
1 |
|
|a Gallen, David.
|
| 710 |
1 |
|
|a United States.
|b Federal Bureau of Investigation.
|
| 999 |
|
|
|a MARS
|
| 999 |
f |
f |
|s 0076d90c-0267-314a-a097-131438d084e8
|i bc8ee15d-a3d4-3dfb-8e57-b5b4ab09b893
|t 0
|
| 952 |
f |
f |
|p normal
|a Texas A&M University
|b College Station
|c Sterling C. Evans Library
|s Evans stk
|d Evans: Library Stacks
|t 0
|e BP223.Z8 L5794 1991
|h Library of Congress classification
|i unmediated -- volume
|m A14815364393
|
| 998 |
f |
f |
|a BP223.Z8 L5794 1991
|t 0
|l Evans: Library Stacks
|